00000000nam 2200000zi 4500
0019.954344
003CaOODSP
00520250820154536
006m     o  d f      
007cr mn|||||||||
008250820e20250219oncd    obs  f000 0 fre d
040 |aCaOODSP|bfre|erda|cCaOODSP
043 |an-cn---
0861 |aCS82-003/2025-2-2F-PDF
1001 |aColley, Rachel C., |eauteur.
24514|aLes conséquences sur la santé des antécédents d’obésité et de fluctuations du poids à l’âge adulte / |cpar Rachel C. Colley, Tracey Bushnik et Joel Barnes
264 1|a[Ottawa] : |bStatistique Canada = Statistics Canada, |cle 19 février 2025.
264 4|c©2025
300 |a1 ressource en ligne (pages 15-29) : |bgraphiques.
336 |atexte|btxt|2rdacontent/fre
337 |ainformatique|bc|2rdamedia/fre
338 |aressource en ligne|bcr|2rdacarrier/fre
4901 |aRapports sur la santé, |x1209-1375 ; |vvol. 36, n° 2, [2]
500 |aPublié aussi en anglais sous le titre : The health consequences of obesity history and weight fluctuations in adulthood.
504 |aComprend des références bibliographiques (pages 28-29).
650 6|aObésité|zCanada|vStatistiques.
650 6|aObésité|xFacteurs de risque|zCanada|vStatistiques.
655 7|aStatistiques|2rvmgf
7102 |aStatistique Canada, |eorganisme de publication.
77508|tThe health consequences of obesity history and weight fluctuations in adulthood / |w(CaOODSP)9.954343
830#0|aRapports sur la santé (Collection)|vvol. 36, n° 2, [2].|w(CaOODSP)9.950257
85640|qPDF|s1.61 Mo|uhttps://publications.gc.ca/collections/collection_2025/statcan/82-003-x/CS82-003-2025-2-2-fra.pdf
8564 |qHTML|sS.O.|uhttps://www150.statcan.gc.ca/n1/pub/82-003-x/2025002/article/00002-fra.htm